<?xml version="1.0" encoding="UTF-8"?>
<record
    xmlns:xsi="http://www.w3.org/2001/XMLSchema-instance"
    xsi:schemaLocation="http://www.loc.gov/MARC21/slim http://www.loc.gov/standards/marcxml/schema/MARC21slim.xsd"
    xmlns="http://www.loc.gov/MARC21/slim">

  <leader>01358nam a2200217Ia 4500</leader>
  <controlfield tag="001">b6914-50067 </controlfield>
  <controlfield tag="003">IT-MiCISF</controlfield>
  <controlfield tag="008">161014s9999||||xx |||||||||||||| ||und||</controlfield>
  <datafield tag="040" ind1=" " ind2=" ">
    <subfield code="a">IT-MiCISF</subfield>
    <subfield code="c">IT-MiCISF</subfield>
  </datafield>
  <datafield tag="041" ind1=" " ind2=" ">
    <subfield code="a">it</subfield>
  </datafield>
  <datafield tag="100" ind1=" " ind2=" ">
    <subfield code="a">Perez-Soba Juan Jos&#xE9; (a cura di)</subfield>
  </datafield>
  <datafield tag="245" ind1=" " ind2="0">
    <subfield code="a">L'amore principio di vita sociale</subfield>
    <subfield code="b">Caritas Aedificat (1 cor 8,1)</subfield>
  </datafield>
  <datafield tag="250" ind1=" " ind2=" ">
    <subfield code="a">1a ed.</subfield>
  </datafield>
  <datafield tag="260" ind1=" " ind2=" ">
    <subfield code="a"> Siena</subfield>
    <subfield code="b">Cantagalli</subfield>
    <subfield code="c">2011</subfield>
  </datafield>
  <datafield tag="300" ind1=" " ind2=" ">
    <subfield code="a">pp. 427</subfield>
  </datafield>
  <datafield tag="500" ind1=" " ind2=" ">
    <subfield code="a">Melina L., Perez-Soba J.J., Magdic M., Kwasnieski P.A., Prieto Lucena A., Donati P., Somme L.T., Kampowski S., Archer M.S., Felice F., Harold P.J., Binasco M., Diriart A., Guerzoni G., De Dios Larr&#xF9; J., Malaspina L.D. / amore, societ&#xE0;, chiesa, teologia / L'amore, che sembra la forza principale per la vita umana, non &#xE8; forse troppo debole per la costruzione di una societ&#xE0; complessa come la nostra? Il sistema di giustizia vigente nelle nostre societ&#xE0; non lo ha forse messo da parte come superfluo? La risposta di San Paolo &#xE8; chiara: "la carit&#xE0; edifica" (1Cor 8,1) la Chiesa e, per analogia, qualunque societ&#xE0;. L'amore, con il suo valore conoscitivo, precede ogni azione umana ed &#xE8; il fondamento delle relazioni personali essenziali per la vita sociale.</subfield>
  </datafield>
  <datafield tag="650" ind1=" " ind2=" ">
    <subfield code="a"> Temi di pastorale / pastorale</subfield>
    <subfield code="e">012</subfield>
  </datafield>
  <datafield tag="700" ind1=" " ind2=" ">
    <subfield code="a">Magdic Marija (a cura di)</subfield>
  </datafield>
  <datafield tag="942" ind1=" " ind2=" ">
    <subfield code="c">BK</subfield>
  </datafield>
  <datafield tag="957" ind1=" " ind2=" ">
    <subfield code="7">1</subfield>
  </datafield>
  <datafield tag="999" ind1=" " ind2=" ">
    <subfield code="a">50067</subfield>
    <subfield code="b">si</subfield>
    <subfield code="g">1</subfield>
    <subfield code="c">210081</subfield>
    <subfield code="d">210081</subfield>
  </datafield>
  <datafield tag="952" ind1=" " ind2=" ">
    <subfield code="0">0</subfield>
    <subfield code="1">0</subfield>
    <subfield code="4">0</subfield>
    <subfield code="6">B_691450067</subfield>
    <subfield code="7">1</subfield>
    <subfield code="a">CISF</subfield>
    <subfield code="b">CISF</subfield>
    <subfield code="d">2016-10-14</subfield>
    <subfield code="l">0</subfield>
    <subfield code="o">b6914-50067 </subfield>
    <subfield code="r">2016-10-14 00:00:00</subfield>
    <subfield code="w">2016-10-14</subfield>
    <subfield code="y">BK</subfield>
    <subfield code="z">Data import 15.10.2016 / by Epidotti, Vaglietti</subfield>
  </datafield>
</record>
